Tratado de atletismo: saltos, triples, longitud, altura, pertiga
Saved in:
| Main Authors: | , , |
|---|---|
| Format: | Book |
| Language: | Spanish |
| Published: |
Barcelona
Hispano Europea
1986
|
| Series: | Colección Herackles
|
| Subjects: | |
| Tags: |
Add Tag
No Tags, Be the first to tag this record!
|
MARC
| LEADER | 00000nam a2200000 a 4500 | ||
|---|---|---|---|
| 001 | UCW7467 | ||
| 003 | CL-VaPUC | ||
| 008 | 921217e19860000SP |||||||||||||||||spa|d | ||
| 082 | 0 | 4 | |a 796.43 |b HOU |2 21 |
| 100 | 0 | |a Houvion, Maurice |e author |9 312617 | |
| 700 | 0 | |a Raffin, Hugues |e author |9 312618 | |
| 700 | 0 | |a Prost, Regis |e author |9 312619 | |
| 245 | 1 | 0 | |a Tratado de atletismo: saltos, triples, longitud, altura, pertiga |
| 300 | |a 450 p | ||
| 942 | |c BK | ||
| 945 | |d 19921217 00:00:00 | ||
| 260 | |a Barcelona |b Hispano Europea |c 1986 | ||
| 650 | 0 | |a Atletismo |9 307422 | |
| 583 | |a last modification |c 19921217 00:00:00 |k Rodrigo Vera | ||
| 490 | 0 | |a Colección Herackles | |
| 999 | |c 220210 |d 220208 | ||
| 952 | |0 0 |1 0 |4 0 |6 796_430000000000000_HOU_1986 |7 0 |8 A |9 212125 |a BIBEDU |b BIBEDU |d 2019-11-15 |i 280381K |l 4 |m 1 |o 796.43 HOU 1986 |p 280381K |r 2024-04-23 |s 2024-04-23 |w 2019-11-15 |y BK |k EDU | ||